| 000 -LEADER |
| fixed length control field |
00528cam a2200169 4500 |
| 008 - FIXED-LENGTH DATA ELEMENTS--GENERAL INFORMATION |
| fixed length control field |
041222r20041993enka j 001 0 eng |
| 010 ## - LIBRARY OF CONGRESS CONTROL NUMBER |
| LC control number |
92045599 |
| 020 ## - INTERNATIONAL STANDARD BOOK NUMBER |
| International Standard Book Number |
0753405091 |
| 050 ## - LIBRARY OF CONGRESS CALL NUMBER |
| Classification number |
QM27 |
| Item number |
A957 2001 |
| 082 04 - DEWEY DECIMAL CLASSIFICATION NUMBER |
| Classification number |
500 AVI |
| Item number |
W872 |
| 100 1# - MAIN ENTRY--PERSONAL NAME |
| Personal name |
Avison, Brigid. |
| 245 10 - TITLE STATEMENT |
| Title |
I wonder why my tummy rumbles and other questions about my body / |
| Statement of responsibility, etc. |
Brigid Avison. |
| 260 ## - PUBLICATION, DISTRIBUTION, ETC. |
| Place of publication, distribution, etc. |
London : |
| Name of publisher, distributor, etc. |
Kingfisher ; |
| Place of publication, distribution, etc. |
Dambury, Conn. : |
| Name of publisher, distributor, etc. |
Grolier, |
| Date of publication, distribution, etc. |
2004, c1993. |
| 300 ## - PHYSICAL DESCRIPTION |
| Extent |
32 p. : |
| Other physical details |
col. ill. ; |
| Dimensions |
29 cm. |
| 500 ## - GENERAL NOTE |
| General note |
Includes index. |
| 942 ## - ADDED ENTRY ELEMENTS (KOHA) |
| Source of classification or shelving scheme |
|